Planning and design of airports / (Record no. 548840)

000 -LEADER
fixed length control field 00791cam a2200217 a 4500
020 ## - INTERNATIONAL STANDARD BOOK NUMBER
International Standard Book Number 0070453454 (acid₋free paper)
082 00 - DEWEY DECIMAL CLASSIFICATION NUMBER
Classification number 629.136
Author Mark HOR
-- L-18, P-72
100 1# - MAIN ENTRY--PERSONAL NAME
Personal name Horonjeff, Robert.
9 (RLIN) 13581
245 10 - TITLE STATEMENT
Title Planning and design of airports /
Statement of responsibility, etc. Robert Horonjeff, Francis X. McKelvey.
250 ## - EDITION STATEMENT
Edition statement 4th ed., International ed.
260 ## - PUBLICATION, DISTRIBUTION, ETC.
Place of publication, distribution, etc. New York :
Name of publisher, distributor, etc. McGraw-Hill,
Date of publication, distribution, etc. c1994.
300 ## - PHYSICAL DESCRIPTION
Extent xiii, 829 p. :
Other physical details ill. ;
Dimensions 24 cm.
526 ## - STUDY PROGRAM INFORMATION NOTE
Program name 0
Interest level 0
Reading level 0
Title point value 629_136000000000000_HOR
650 #0 - SUBJECT ADDED ENTRY--TOPICAL TERM
Topical term or geographic name entry element Airports
General subdivision Design and construction.
9 (RLIN) 19584
650 #0 - SUBJECT ADDED ENTRY--TOPICAL TERM
Topical term or geographic name entry element Airports
General subdivision Planning.
9 (RLIN) 7047
650 #0 - SUBJECT ADDED ENTRY--TOPICAL TERM
Topical term or geographic name entry element MCE
9 (RLIN) 379
700 1# - ADDED ENTRY--PERSONAL NAME
Personal name McKelvey, Francis X.
9 (RLIN) 38628
856 41 - ELECTRONIC LOCATION AND ACCESS
Uniform Resource Identifier <a href="http://www.loc.gov/catdir/toc/mh022/93023138.html">http://www.loc.gov/catdir/toc/mh022/93023138.html</a>
856 42 - ELECTRONIC LOCATION AND ACCESS
Uniform Resource Identifier <a href="http://www.loc.gov/catdir/bios/mh041/93023138.html">http://www.loc.gov/catdir/bios/mh041/93023138.html</a>
942 ## - ADDED ENTRY ELEMENTS (KOHA)
Source of classification or shelving scheme
Koha item type Book
Holdings
Withdrawn status Lost status Source of classification or shelving scheme Damaged status Not for loan Permanent Location Current Location Date acquired Total Checkouts Full call number Barcode Date last seen Price effective from Koha item type
          Military College of Engineering (MCE) Military College of Engineering (MCE) 09/09/2014   629.136 HOR MCE-28477 09/09/2014 09/09/2014 Book
© 2023 Central Library, National University of Sciences and Technology. All Rights Reserved.